The cost and pricing of tourism in Zambia: the case of Livingstone (Record no. 59712)

MARC details
000 -LEADER
fixed length control field 00830nam a2200193 a 4500
008 - FIXED-LENGTH DATA ELEMENTS--GENERAL INFORMATION
fixed length control field 150915s2012 ||||||||||||||||| || u
050 ## - LIBRARY OF CONGRESS CALL NUMBER
Classification number ZIPAR(02)2012/2
100 ## - MAIN ENTRY--PERSONAL NAME
Personal name Banda, Bernard
245 11 - TITLE STATEMENT
Title The cost and pricing of tourism in Zambia: the case of Livingstone
Statement of responsibility, etc. By Bernard Banda and Caesar Cheelo
260 ## - PUBLICATION, DISTRIBUTION, ETC.
Place of publication, distribution, etc. Lusaka:
Name of publisher, distributor, etc. Zambia Institute for Policy Analysis and Research (ZIPAR)
Date of publication, distribution, etc. 2012
300 ## - PHYSICAL DESCRIPTION
Extent 49p.: ill.
500 ## - GENERAL NOTE
General note Bibliography
650 ## - SUBJECT ADDED ENTRY--TOPICAL TERM
Topical term or geographic name entry element TOURISM--MORAL AND ETHICAL ASPECTS
650 ## - SUBJECT ADDED ENTRY--TOPICAL TERM
Topical term or geographic name entry element TOURISM--ECONOMIC DEVELOPMENT--ZAMBIA
650 ## - SUBJECT ADDED ENTRY--TOPICAL TERM
Topical term or geographic name entry element TOURISM--LIVINGSTONE--ZAMBIA
700 ## - ADDED ENTRY--PERSONAL NAME
Personal name Cheelo, Caesar
710 ## - ADDED ENTRY--CORPORATE NAME
Corporate name or jurisdiction name as entry element Zambia Institute for Policy Analysis & Research (ZIPAR)
995 ## - RECOMMENDATION 995 [LOCAL, UNIMARC FRANCE]
-- CBU-MAIN LIBRARY (Kitwe)
-- 1
-- AVAILABLE
-- Sep 15, 2015
-- Zambiana Collection
Holdings
Withdrawn status Lost status Source of classification or shelving scheme Damaged status Not for loan Home library Current library Shelving location Date acquired Total Checkouts Full call number Barcode Date last seen Price effective from Koha item type
          CBU-MAIN LIBRARY, KITWE. CBU-MAIN LIBRARY, KITWE.   11/30/2022   ZIPAR(02)2012/2 B2012 11/30/2022 11/30/2022 MONOGRAPH